[Event "Izmir op 17th"]
[Site "Izmir"]
[Date "2018.09.10"]
[Round "2"]
[White "Darban Vaighani, Morteza"]
[Black "Keseroglu, Yigit Can"]
[Result "1-0"]
[WhiteElo "2333"]
[BlackElo "1546"]
[PlyCount "49"]
[EventDate "2018.09.09"]
[EventType "swiss"]
[EventRounds "9"]
[EventCountry "TUR"]
[SourceTitle "CBM 186 Extra"]
[Source "ChessBase"]
[SourceDate "2018.08.24"]
[SourceVersion "1"]
[SourceVersionDate "2018.08.24"]
[SourceQuality "1"]

1. e4 c5 2. Nf3 d6 3. c3 Nc6 4. d4 cxd4 5. cxd4 Bg4 6. d5 Ne5 7. Nxe5 dxe5 8. Qxg4 a6 9. Qg3 Qd6 10. Qb3 Rb8 11. Be3 b5 12. a4 e6 13. dxe6 fxe6 14. axb5 Qb4+ 15. Qxb4 Bxb4+ 16. Bd2 Bxd2+ 17. Nxd2 axb5 18. Ra5 b4 19. Bc4 Ke7 20. Rxe5 Rb6 21. Ke2 Nf6 22. Ra1 Ng4 23. Rg5 h5 24. h3 Kf6 25. f4 1-0

[Event "TUR-ch"]
[Site "Antalya"]
[Date "2013.02.05"]
[Round "5"]
[White "Keseroglu, Yigit Can"]
[Black "Cam, Vedat"]
[Result "0-1"]
[WhiteElo "1584"]
[BlackElo "1825"]
[PlyCount "56"]
[EventDate "2013.02.02"]
[EventType "swiss"]
[EventRounds "11"]
[EventCountry "TUR"]
[SourceTitle "CBM 152 Extra"]
[Source "ChessBase"]
[SourceDate "2013.02.25"]
[SourceVersion "1"]
[SourceVersionDate "2013.02.25"]
[SourceQuality "1"]

1. d4 Nf6 2. c4 g6 3. Nc3 Bg7 4. Nf3 d6 5. Bg5 Nbd7 6. e3 0-0 7. Bd3 e5 8. d5 Nc5 9. Bc2 Bg4 10. h3 Bd7 11. Ne4 Ncxe4 12. Bxe4 Qe8 13. Bxf6 Bxf6 14. Rc1 Bg7 15. Bb1 f5 16. c5 Qd8 17. a3 Kh8 18. Ba2 b6 19. c6 Be8 20. h4 h6 21. Qd2 Kg8 22. b4 h5 23. Rb1 Bf7 24. a4 Qf6 25. Ng1 g5 26. b5 g4 27. Ne2 Rfe8 28. Nc3 Qg6 0-1

[Event "TUR-ch"]
[Site "Kemer"]
[Date "2012.01.29"]
[Round "1"]
[White "Keseroglu, Yigit Can"]
[Black "Seyhanoglu, Deniz"]
[Result "0-1"]
[WhiteElo "1514"]
[BlackElo "2064"]
[PlyCount "53"]
[EventDate "2012.01.29"]
[EventType "swiss"]
[EventRounds "10"]
[EventCountry "TUR"]
[SourceTitle "CBM 146 Extra"]
[Source "ChessBase"]
[SourceDate "2012.02.29"]
[SourceVersion "1"]
[SourceVersionDate "2012.02.29"]
[SourceQuality "1"]

1. e4 c5 2. d3 Nc6 3. f4 g6 4. Be3 Bg7 5. c3 d6 6. Be2 Nf6 7. Nd2 0-0 8. h3 b6 9. g4 e5 10. f5 Ne8 11. Ngf3 d5 12. h4 Ne7 13. h5 Nd6 14. Nh4 Bb7 15. Qb3 gxf5 16. gxf5 dxe4 17. Bg5 Qd7 18. f6 exd3 19. Rg1 Nef5 20. Bxd3 e4 21. Bc4 h6 22. fxg7 Rfe8 23. Nxf5 Nxf5 24. Bb5 Bc6 25. Rf1 e3 26. Rxf5 exd2+ 27. Kd1 0-1